Statistics for Countries with Letters Closest to Being in Alphabetic Order

Click here to take the quiz!

General Stats

  • This quiz has been taken 23 times
    (5 since last reset)
  • The average score is 14 of 26

Answer Stats

#Country% Correct
3Chad
100%
3Chile
100%
2Nauru
100%
4Palau
100%
1Peru
100%
4China
67%
1Fiji
67%
2Haiti
67%
3Iran
67%
3Iraq
67%
4Oman
67%
4Togo
67%
4Belarus
33%
3Belgium
33%
4Belize
33%
1Benin
33%
2Egypt
33%
3Gabon
33%
3Italy
33%
4Japan
33%
3Kosovo
33%
1Laos
33%
4Mali
33%
4Qatar
33%
2Comoros
0%
4Norway
0%

Score Distribution

Percentile by Number Answered

Percent of People with Each Score

Your Score History

You have not taken this quiz since the last reset